Les noms de pays contenant "LE" - Statistiques

Statistiques générales
  • Ce quiz a été pris 604 fois
  • Le résultat moyen est 6 sur 9
Statistiques - réponses
Réponse % Correct
Lettonie
83%
Lesotho
82%
Nouvelle-Zélande
82%
Allemagne
73%
Papouasie-Nouvelle-Guinée
67%
Seychelles
63%
Guinée Equatoriale
55%
Sierra Leone
52%
Saint-Vincent-et-les-Grenadines
45%
Aucun quiz correspondant
Distribution des résultats
% des personnes avec chaque résultat
Percentile par nombre de réponses
Votre historique - résultats
Vous n’avez pas pris ce quiz